00497nam a2200157Ia 4500008004100000041000800041082001200049100001600061245004000077250001400117260002800131300003300159365001100192999001700203952011900220240624s9999 xx 000 0 und d aeng a657 SHA aSHAH PARESH aFINANCIAL ACCOUNTING FOR MANAGEMENT a(2nd ed.) c2012aNew DelhibOxford axviii, : 561 : p. : cm. ; 26 cRSb31 c25021d25021 00104070aIMTNbIMTNcRack 20-Ad2015-10-07eWBDg575.00o657 SHAp25021r2024-06-24 00:00:00t1w2024-06-24yBK